[Event "EUYCC 2024 U10"]
[Site "?"]
[Date "2024.08.12"]
[Round "8.2"]
[White "Chalampuente, Victor"]
[Black "Doan, Hoang Minh"]
[Result "0-1"]
[BlackElo "1813"]
[WhiteElo "1851"]
[LiveChessVersion "1.4.8"]

1. e4 {[%clk 1:30:47]} c5 {[%clk 1:30:15]} 2. c3 {[%clk 1:31:12]} Nf6
{[%clk 1:30:28]} 3. e5 {[%clk 1:31:38]} Nd5 {[%clk 1:30:52]} 4. d4
{[%clk 1:31:37]} cxd4 {[%clk 1:30:51]} 5. Nf3 {[%clk 1:32:01]} Nc6
{[%clk 1:30:51]} 6. Bc4 {[%clk 1:32:09]} Nb6 {[%clk 1:30:48]} 7. Bb3
{[%clk 1:32:32]} d5 {[%clk 1:30:40]} 8. exd6 {[%clk 1:31:38]} Qxd6
{[%clk 1:30:37]} 9. O-O {[%clk 1:31:54]} Be6 {[%clk 1:28:57]} 10. Na3
{[%clk 1:31:55]} dxc3 {[%clk 1:28:45]} 11. Qe2 {[%clk 1:29:20]} Bxb3
{[%clk 1:27:01]} 12. Nb5 {[%clk 1:28:11]} Qb8 {[%clk 1:27:17]} 13. axb3
{[%clk 1:28:18]} e6 {[%clk 1:20:43]} 14. Ng5 {[%clk 1:15:38]} Be7
{[%clk 1:13:37]} 15. Qg4 {[%clk 1:04:01]} Qe5 {[%clk 1:03:52]} 16. Nxc3
{[%clk 1:01:34]} h5 {[%clk 1:00:35]} 17. Qh4 {[%clk 0:55:11]} O-O-O
{[%clk 0:53:56]} 18. Bf4 {[%clk 0:37:00]} Qf5 {[%clk 0:51:18]} 19. Be3
{[%clk 0:27:41]} Nd5 {[%clk 0:38:30]} 20. Nxd5 {[%clk 0:26:19]} Rxd5
{[%clk 0:37:11]} 21. f4 {[%clk 0:24:18]} Rd3 {[%clk 0:36:46]} 22. Bf2
{[%clk 0:21:35]} Rhd8 {[%clk 0:32:19]} 23. Qxh5 {[%clk 0:21:20]} g6
{[%clk 0:29:23]} 24. Qe2 {[%clk 0:19:12]} Qxf4 {[%clk 0:22:43]} 25. Nf3
{[%clk 0:13:37]} Rxb3 {[%clk 0:18:02]} 26. Rfc1 {[%clk 0:12:10]} a6
{[%clk 0:12:35]} 27. Rc4 {[%clk 0:11:01]} Qc7 {[%clk 0:08:38]} 28. Rac1
{[%clk 0:10:53]} Bf6 {[%clk 0:06:08]} 29. Bg3 {[%clk 0:06:19]} Qb6+
{[%clk 0:05:40]} 30. Bf2 {[%clk 0:06:31]} Qb5 {[%clk 0:05:32]} 31. Qe4
{[%clk 0:04:11]} Qd5 {[%clk 0:03:52]} 32. Qf4 {[%clk 0:00:47]} Bxb2
{[%clk 0:00:59]} 33. Rb1 {[%clk 0:00:41]} Be5 {[%clk 0:01:01]} 34. Rxc6+
{[%clk 0:00:35]} bxc6 {[%clk 0:01:09]} 35. Qc1 {[%clk 0:00:42]} Rxb1
{[%clk 0:01:30]} 36. Qxb1 Qd1+ {[%clk 0:01:58]} 37. Qxd1 {[%clk 0:01:17]} Rxd1+
{[%clk 0:02:27]} 38. Be1 {[%clk 0:01:46]} Bc3 39. Kf2 {[%clk 0:01:18]} Bxe1+
{[%clk 0:03:06]} 0-1

[Event "EUYCC 2024 U10"]
[Site "?"]
[Date "2024.08.12"]
[Round "8.3"]
[White "Fan, Sizhuo"]
[Black "Gusev, Daniil Den"]
[Result "0-1"]
[BlackElo "1842"]
[WhiteElo "1895"]
[LiveChessVersion "1.4.8"]

1. e4 {[%clk 1:30:56]} c5 {[%clk 1:30:46]} 2. Nf3 {[%clk 1:31:06]} e6
{[%clk 1:30:53]} 3. d4 {[%clk 1:30:30]} cxd4 {[%clk 1:30:54]} 4. Nxd4
{[%clk 1:30:38]} a6 {[%clk 1:30:55]} 5. Bd3 {[%clk 1:29:39]} Qc7 {[%clk 1:30:16]}
6. O-O {[%clk 1:28:30]} Nf6 {[%clk 1:29:45]} 7. c4 {[%clk 1:27:52]} Nc6
{[%clk 1:28:33]} 8. Nxc6 {[%clk 1:22:10]} dxc6 {[%clk 1:26:04]} 9. Be3
{[%clk 1:20:07]} e5 {[%clk 1:23:29]} 10. h3 {[%clk 1:15:41]} Be7 {[%clk 1:18:56]}
11. Nd2 {[%clk 1:10:03]} O-O {[%clk 1:14:42]} 12. Qc2 {[%clk 1:05:26]} Be6
{[%clk 1:10:46]} 13. Nf3 {[%clk 1:00:42]} Nd7 {[%clk 1:01:54]} 14. Qc3
{[%clk 0:56:19]} f6 {[%clk 0:57:59]} 15. c5 {[%clk 0:52:48]} Rfe8
{[%clk 0:35:25]} 16. b4 {[%clk 0:51:52]} Nf8 {[%clk 0:34:34]} 17. Bc4
{[%clk 0:48:31]} Kh8 {[%clk 0:34:33]} 18. Nh4 {[%clk 0:45:25]} Qc8
{[%clk 0:25:54]} 19. f4 {[%clk 0:43:28]} exf4 {[%clk 0:25:28]} 20. Bxf4
{[%clk 0:36:09]} Bxc4 {[%clk 0:24:58]} 21. Qxc4 {[%clk 0:36:30]} Qe6
{[%clk 0:19:41]} 22. Qxe6 {[%clk 0:32:55]} Nxe6 {[%clk 0:20:03]} 23. Nf5
{[%clk 0:31:28]} Nxf4 {[%clk 0:17:13]} 24. Rxf4 {[%clk 0:30:49]} a5
{[%clk 0:17:38]} 25. Nxe7 {[%clk 0:23:57]} Rxe7 {[%clk 0:18:00]} 26. b5
{[%clk 0:22:22]} cxb5 {[%clk 0:18:16]} 27. Rc1 {[%clk 0:21:37]} Rc8
{[%clk 0:17:54]} 28. Rf5 {[%clk 0:17:38]} Kg8 {[%clk 0:12:56]} 29. Rb1
{[%clk 0:13:21]} g6 {[%clk 0:10:11]} 30. Rd5 {[%clk 0:12:27]} b4 {[%clk 0:10:18]}
31. c6 {[%clk 0:12:24]} bxc6 {[%clk 0:10:42]} 32. Rxa5 {[%clk 0:12:32]} Rxe4
{[%clk 0:08:39]} 33. a3 {[%clk 0:11:36]} bxa3 34. Rxa3 {[%clk 0:11:02]} c5
{[%clk 0:08:22]} 35. Rf3 {[%clk 0:10:58]} f5 {[%clk 0:08:48]} 36. Rc1
{[%clk 0:09:59]} Kg7 {[%clk 0:08:34]} 37. Kf2 {[%clk 0:08:45]} c4
{[%clk 0:08:03]} 38. Rfc3 {[%clk 0:07:31]} Kf6 {[%clk 0:08:08]} 39. Kf3
{[%clk 0:05:39]} h5 {[%clk 0:08:01]} 40. Ra1 {[%clk 0:05:32]} Ke5
{[%clk 0:07:36]} 41. Rd1 {[%clk 0:05:21]} Rc5 {[%clk 0:07:28]} 42. Rd2
{[%clk 0:05:14]} Rd5 {[%clk 0:07:39]} 43. Re2 {[%clk 0:03:55]} Rd3+
{[%clk 0:07:48]} 44. Rxd3 {[%clk 0:04:09]} cxd3 {[%clk 0:08:14]} 45. Rd2
{[%clk 0:04:17]} Kd4 {[%clk 0:08:40]} 0-1

[Event "EUYCC 2024 U10"]
[Site "?"]
[Date "2024.08.12"]
[Round "8.4"]
[White "Kopecny, Adam"]
[Black "Kovacs, Balazs"]
[Result "1-0"]
[BlackElo "1815"]
[WhiteElo "1720"]
[LiveChessVersion "1.4.8"]

1. d4 {[%clk 1:30:59]} Nf6 {[%clk 1:30:55]} 2. c4 {[%clk 1:31:23]} g6
{[%clk 1:31:20]} 3. Nc3 {[%clk 1:31:17]} d5 {[%clk 1:31:45]} 4. e3
{[%clk 1:31:36]} Bg7 {[%clk 1:31:02]} 5. cxd5 {[%clk 1:31:55]} Nxd5
{[%clk 1:31:24]} 6. Nxd5 {[%clk 1:32:19]} Qxd5 {[%clk 1:31:42]} 7. Ne2
{[%clk 1:31:12]} O-O {[%clk 1:25:20]} 8. Nc3 {[%clk 1:25:16]} Qd8
{[%clk 1:18:50]} 9. Be2 {[%clk 1:21:32]} c5 {[%clk 1:13:05]} 10. d5
{[%clk 1:16:22]} Bf5 {[%clk 1:02:37]} 11. O-O {[%clk 1:13:48]} Qa5
{[%clk 0:49:17]} 12. Bd2 {[%clk 1:09:48]} Qc7 {[%clk 0:43:13]} 13. Bf3
{[%clk 1:03:57]} Bd3 {[%clk 0:40:26]} 14. Re1 {[%clk 1:02:17]} Nd7
{[%clk 0:37:22]} 15. e4 {[%clk 0:59:43]} Bd4 {[%clk 0:31:03]} 16. Bh6
{[%clk 0:58:46]} c4 {[%clk 0:19:20]} 17. Bxf8 {[%clk 0:58:46]} Rxf8
{[%clk 0:19:33]} 18. Nb5 {[%clk 0:58:00]} Bxf2+ {[%clk 0:19:17]} 19. Kxf2
{[%clk 0:57:32]} Qc5+ {[%clk 0:19:42]} 20. Kg3 {[%clk 0:56:22]} Qxb5
{[%clk 0:20:07]} 21. b3 {[%clk 0:52:03]} f5 {[%clk 0:14:46]} 22. exf5
{[%clk 0:50:08]} gxf5 {[%clk 0:14:18]} 23. h4 {[%clk 0:49:39]} Qb6
{[%clk 0:08:44]} 24. bxc4 {[%clk 0:48:34]} f4+ {[%clk 0:08:40]} 25. Kh2
{[%clk 0:48:22]} Bxc4 {[%clk 0:06:39]} 26. Rxe7 {[%clk 0:46:48]} Qd6
{[%clk 0:02:18]} 27. Qe1 {[%clk 0:43:48]} Bxd5 {[%clk 0:01:42]} 28. Rd1
{[%clk 0:43:30]} Nf6 {[%clk 0:01:31]} 29. Bxd5+ {[%clk 0:42:36]} Nxd5
{[%clk 0:01:51]} 30. Re5 {[%clk 0:42:25]} f3 {[%clk 0:00:59]} 31. Rdxd5
{[%clk 0:41:07]} Qh6 {[%clk 0:00:36]} 32. Rg5+ {[%clk 0:41:24]} Kh8
{[%clk 0:00:58]} 33. Qe5+ {[%clk 0:41:46]} Qf6 {[%clk 0:01:06]} 34. Qxf6+
{[%clk 0:42:10]} Rxf6 {[%clk 0:01:31]} 35. Rd8+ {[%clk 0:42:36]} Rf8
{[%clk 0:01:55]} 36. Rxf8# {[%clk 0:42:54]} 1-0

[Event "EUYCC 2024 U10"]
[Site "?"]
[Date "2024.08.12"]
[Round "8.5"]
[White "Malchev, Nikola"]
[Black "Vo, Daniel"]
[Result "1/2-1/2"]
[BlackElo "1707"]
[WhiteElo "1561"]
[LiveChessVersion "1.4.8"]

1. e4 {[%clk 1:30:54]} c5 {[%clk 1:30:49]} 2. Nc3 {[%clk 1:30:43]} d6
{[%clk 1:30:57]} 3. d4 {[%clk 1:30:51]} cxd4 {[%clk 1:30:41]} 4. Qxd4
{[%clk 1:30:33]} Nc6 {[%clk 1:30:30]} 5. Qd2 {[%clk 1:30:36]} g6 {[%clk 1:30:39]}
6. b3 {[%clk 1:30:51]} Bh6 {[%clk 1:30:53]} 7. f4 {[%clk 1:31:03]} Nf6
{[%clk 1:31:01]} 8. Bb2 {[%clk 1:30:58]} O-O {[%clk 1:31:05]} 9. O-O-O
{[%clk 1:30:54]} a5 {[%clk 1:30:02]} 10. Kb1 {[%clk 1:30:12]} a4 {[%clk 1:26:30]}
11. Nxa4 {[%clk 1:29:59]} Nxe4 {[%clk 1:25:41]} 12. Qe3 {[%clk 1:27:30]} Nf6
{[%clk 1:25:09]} 13. Nf3 {[%clk 1:19:05]} Qa5 {[%clk 1:23:01]} 14. Bc3
{[%clk 1:16:17]} Nd5 {[%clk 1:17:16]} 15. Rxd5 {[%clk 1:10:15]} Qxd5
{[%clk 1:15:52]} 16. g4 {[%clk 1:10:03]} Bxg4 {[%clk 0:58:31]} 17. Bg2
{[%clk 1:09:10]} Qe6 {[%clk 0:56:29]} 18. Qd2 {[%clk 1:08:42]} Ra6
{[%clk 0:39:01]} 19. Nd4 {[%clk 1:07:46]} Qd7 {[%clk 0:29:43]} 20. Nxc6
{[%clk 1:07:38]} bxc6 {[%clk 0:27:02]} 21. Qd4 {[%clk 1:05:55]} e5
{[%clk 0:26:32]} 22. fxe5 {[%clk 1:04:32]} c5 {[%clk 0:20:27]} 23. Qc4
{[%clk 1:00:14]} Ra7 {[%clk 0:13:36]} 24. Nb6 {[%clk 0:56:49]} Qd8
{[%clk 0:12:37]} 25. Nd5 {[%clk 0:56:40]} Be6 {[%clk 0:12:32]} 26. exd6
{[%clk 0:55:24]} Bxd5 {[%clk 0:11:50]} 27. Qxd5 {[%clk 0:55:31]} Rd7
{[%clk 0:10:59]} 28. Qe5 {[%clk 0:55:01]} f6 {[%clk 0:11:02]} 29. Qd5+
{[%clk 0:53:58]} Kg7 {[%clk 0:10:56]} 30. Rd1 {[%clk 0:49:27]} Bf4
{[%clk 0:08:49]} 31. Qxc5 {[%clk 0:49:13]} Rxd6 {[%clk 0:08:47]} 32. Rxd6
{[%clk 0:48:13]} Bxd6 {[%clk 0:09:05]} 33. Qg1 {[%clk 0:46:55]} Qc7
{[%clk 0:08:49]} 34. Qe3 {[%clk 0:45:53]} Bf4 {[%clk 0:08:54]} 35. Ba5
{[%clk 0:44:59]} Qd6 {[%clk 0:08:11]} 36. Qe1 {[%clk 0:42:16]} Re8
{[%clk 0:05:56]} 37. Qxe8 {[%clk 0:42:02]} Qd1+ {[%clk 0:06:12]} 38. Kb2
{[%clk 0:42:22]} Bc1+ {[%clk 0:06:15]} 39. Kc3 {[%clk 0:42:36]} Qd2+
{[%clk 0:06:30]} 40. Kc4 {[%clk 0:42:50]} Qxc2+ {[%clk 0:06:48]} 41. Bc3
{[%clk 0:43:07]} Qxg2 {[%clk 0:06:33]} 42. Qe7+ {[%clk 0:43:00]} Kh6
{[%clk 0:06:43]} 43. Qxf6 {[%clk 0:42:59]} Qe2+ {[%clk 0:06:15]} 44. Kd5
{[%clk 0:42:12]} Qg2+ {[%clk 0:05:33]} 45. Kc4 {[%clk 0:42:00]} Qe2+
{[%clk 0:04:25]} 46. Kd5 {[%clk 0:41:57]} Qb5+ {[%clk 0:04:32]} 47. Ke6
{[%clk 0:41:36]} Qc6+ {[%clk 0:04:36]} 48. Kf7 {[%clk 0:41:50]} Qb7+
{[%clk 0:04:20]} 1/2-1/2

[Event "EUYCC 2024 U10"]
[Site "?"]
[Date "2024.08.12"]
[Round "8.6"]
[White "Fattori Dittmar, Luca"]
[Black "Bostina, Vladimir-Ioan"]
[Result "0-1"]
[BlackElo "1627"]
[WhiteElo "1580"]
[LiveChessVersion "1.4.8"]

1. f4 {[%clk 1:30:48]} c5 {[%clk 1:30:47]} 2. Nf3 {[%clk 1:30:49]} d6
{[%clk 1:27:42]} 3. e3 {[%clk 1:29:07]} g6 {[%clk 1:27:07]} 4. Bb5+
{[%clk 1:27:25]} Bd7 {[%clk 1:25:46]} 5. Bxd7+ {[%clk 1:24:27]} Qxd7
{[%clk 1:23:55]} 6. O-O {[%clk 1:23:48]} Bg7 {[%clk 1:23:24]} 7. d3
{[%clk 1:22:38]} Nf6 {[%clk 1:20:31]} 8. Nbd2 {[%clk 1:21:45]} O-O
{[%clk 1:17:56]} 9. a4 {[%clk 1:20:43]} Nc6 {[%clk 1:16:28]} 10. Nc4
{[%clk 1:19:07]} Qc7 {[%clk 1:11:12]} 11. Bd2 {[%clk 1:15:12]} a6
{[%clk 1:02:08]} 12. a5 {[%clk 1:14:34]} Nd7 {[%clk 1:02:28]} 13. e4
{[%clk 1:11:40]} b5 {[%clk 0:51:15]} 14. axb6 {[%clk 1:11:49]} Nxb6
{[%clk 0:50:24]} 15. Nxb6 {[%clk 1:11:11]} Qxb6 {[%clk 0:50:48]} 16. Bc3
{[%clk 1:10:38]} Bxc3 {[%clk 0:42:51]} 17. bxc3 {[%clk 1:10:48]} Rfb8
{[%clk 0:35:30]} 18. Rb1 {[%clk 1:10:34]} Qxb1 {[%clk 0:35:18]} 19. Qxb1
{[%clk 1:10:54]} Rxb1 {[%clk 0:35:42]} 20. Rxb1 Rb8 {[%clk 0:34:08]} 21. Rxb8+
{[%clk 1:11:32]} Nxb8 {[%clk 0:34:31]} 22. Kf2 {[%clk 1:11:38]} Kf8
{[%clk 0:34:21]} 23. Ke3 {[%clk 1:11:47]} Ke8 {[%clk 0:34:01]} 24. d4
{[%clk 1:11:55]} Nd7 {[%clk 0:31:26]} 25. Nd2 {[%clk 1:10:14]} Kd8
{[%clk 0:23:50]} 26. Nb3 {[%clk 1:05:35]} Kc7 {[%clk 0:21:28]} 27. d5
{[%clk 1:05:02]} Kb6 {[%clk 0:20:30]} 28. c4 {[%clk 1:04:57]} a5 {[%clk 0:20:13]}
29. Kd3 {[%clk 1:04:56]} a4 {[%clk 0:19:32]} 30. Nc1 {[%clk 1:05:00]} Ka5
{[%clk 0:14:03]} 31. Na2 {[%clk 1:04:48]} Nb8 {[%clk 0:14:15]} 32. g4
{[%clk 1:03:14]} Na6 {[%clk 0:14:19]} 33. c3 {[%clk 1:03:09]} Nc7
{[%clk 0:12:12]} 34. h4 {[%clk 1:02:46]} Na8 {[%clk 0:07:10]} 35. e5
{[%clk 1:02:02]} Nb6 {[%clk 0:06:36]} 36. exd6 {[%clk 1:02:16]} exd6
{[%clk 0:07:04]} 37. h5 {[%clk 1:01:27]} a3 {[%clk 0:06:28]} 38. hxg6
{[%clk 1:01:31]} hxg6 {[%clk 0:06:51]} 39. f5 {[%clk 1:00:56]} Ka4
{[%clk 0:06:33]} 40. Nc1 {[%clk 1:01:18]} gxf5 {[%clk 0:03:22]} 41. gxf5
{[%clk 1:01:37]} Nd7 {[%clk 0:01:49]} 42. Ke4 {[%clk 1:01:45]} Ne5
{[%clk 0:01:27]} 43. Kf4 {[%clk 1:01:57]} Nd3+ {[%clk 0:00:50]} 44. Nxd3
{[%clk 1:02:20]} a2 {[%clk 0:01:15]} 45. Kg5 {[%clk 1:02:23]} a1=Q
{[%clk 0:01:36]} 46. Kf6 {[%clk 1:02:41]} Qxc3+ {[%clk 0:02:00]} 47. Kxf7
{[%clk 1:02:53]} Qxd3 {[%clk 0:02:23]} 48. f6 {[%clk 1:03:15]} Qxc4
{[%clk 0:02:41]} 49. Ke6 {[%clk 1:03:34]} Qf4 {[%clk 0:02:25]} 50. f7
{[%clk 1:03:44]} c4 {[%clk 0:02:36]} 51. Ke7 {[%clk 1:04:10]} c3 {[%clk 0:02:56]}
52. f8=Q {[%clk 1:04:34]} Qxf8+ {[%clk 0:03:21]} 53. Kxf8 {[%clk 1:05:00]} c2
{[%clk 0:03:45]} 54. Ke7 {[%clk 1:05:28]} c1=Q {[%clk 0:04:07]} 55. Kxd6
{[%clk 1:05:52]} Kb5 {[%clk 0:04:30]} 56. Ke7 {[%clk 1:06:12]} Kc5
{[%clk 0:04:37]} 57. d6 {[%clk 1:06:37]} Kc6 {[%clk 0:04:57]} 58. d7
{[%clk 1:06:59]} Qe3+ {[%clk 0:05:21]} 59. Kd8 {[%clk 1:07:25]} Qe6
{[%clk 0:05:37]} 0-1

[Event "EUYCC 2024 U10"]
[Site "?"]
[Date "2024.08.12"]
[Round "8.7"]
[White "Lobina, Thomas"]
[Black "Hlavacek, Pavel"]
[Result "1-0"]
[BlackElo "1583"]
[WhiteElo "1793"]
[LiveChessVersion "1.4.8"]

1. e4 {[%clk 1:30:53]} c6 {[%clk 1:30:48]} 2. d4 {[%clk 1:31:20]} d5
{[%clk 1:31:02]} 3. Nc3 {[%clk 1:31:44]} dxe4 {[%clk 1:31:26]} 4. Nxe4
{[%clk 1:32:09]} Bf5 {[%clk 1:31:45]} 5. Ng3 {[%clk 1:32:33]} Bg6
{[%clk 1:32:07]} 6. h4 {[%clk 1:32:19]} h6 {[%clk 1:32:22]} 7. Nf3
{[%clk 1:32:20]} Nd7 {[%clk 1:32:37]} 8. h5 {[%clk 1:32:09]} Bh7 {[%clk 1:32:58]}
9. Bd3 {[%clk 1:31:09]} Bxd3 {[%clk 1:33:06]} 10. Qxd3 {[%clk 1:31:31]} Ngf6
{[%clk 1:33:09]} 11. Bd2 {[%clk 1:29:24]} e6 {[%clk 1:33:27]} 12. O-O-O
{[%clk 1:26:47]} Be7 {[%clk 1:32:25]} 13. Rhe1 {[%clk 1:23:45]} O-O
{[%clk 1:30:58]} 14. Nh2 {[%clk 1:18:09]} Rc8 {[%clk 1:23:37]} 15. Qe2
{[%clk 1:01:26]} Qc7 {[%clk 1:16:46]} 16. Ng4 {[%clk 0:53:12]} Nxg4
{[%clk 1:02:18]} 17. Qxg4 {[%clk 0:53:24]} Nf6 {[%clk 1:02:18]} 18. Qe2
{[%clk 0:53:27]} c5 {[%clk 1:00:24]} 19. dxc5 {[%clk 0:46:18]} Bxc5
{[%clk 0:59:02]} 20. Bc3 {[%clk 0:46:07]} Nd5 {[%clk 0:53:36]} 21. Be5
{[%clk 0:44:25]} Qb6 {[%clk 0:52:36]} 22. Ne4 {[%clk 0:35:22]} Be7
{[%clk 0:32:35]} 23. Kb1 {[%clk 0:24:47]} Bb4 {[%clk 0:23:58]} 24. Rxd5
{[%clk 0:17:12]} exd5 {[%clk 0:18:46]} 25. Qg4 {[%clk 0:17:13]} f6
{[%clk 0:16:57]} 26. Nxf6+ {[%clk 0:17:20]} Rxf6 {[%clk 0:16:43]} 27. Bxf6
{[%clk 0:17:34]} Qc7 {[%clk 0:14:29]} 28. c3 {[%clk 0:16:45]} Bf8
{[%clk 0:13:40]} 29. Re7 {[%clk 0:16:15]} Kh8 {[%clk 0:12:03]} 30. Bxg7+ 1-0

[Event "EUYCC 2024 U10"]
[Site "?"]
[Date "2024.08.12"]
[Round "8.8"]
[White "Holik, Ondrej"]
[Black "Malcheva, Niya"]
[Result "0-1"]
[BlackElo "1551"]
[WhiteElo "1701"]
[LiveChessVersion "1.4.8"]

1. e4 {[%clk 1:30:59]} c5 {[%clk 1:30:49]} 2. Nf3 d6 {[%clk 1:31:07]} 3. d4
{[%clk 1:31:40]} cxd4 {[%clk 1:31:18]} 4. Nxd4 {[%clk 1:32:01]} Nf6
{[%clk 1:31:41]} 5. Nc3 {[%clk 1:32:24]} Nc6 {[%clk 1:31:55]} 6. Be3
{[%clk 1:32:42]} e5 {[%clk 1:31:17]} 7. Nb3 {[%clk 1:31:34]} Be7 {[%clk 1:29:32]}
8. f3 {[%clk 1:31:30]} O-O {[%clk 1:29:08]} 9. Qd2 {[%clk 1:31:01]} a5
{[%clk 1:25:37]} 10. Nd5 {[%clk 1:29:14]} a4 {[%clk 1:07:08]} 11. Bb6
{[%clk 1:28:48]} Qd7 {[%clk 1:05:59]} 12. Nxe7+ {[%clk 1:28:57]} Qxe7
{[%clk 1:06:20]} 13. Na5 {[%clk 1:28:58]} Nxa5 {[%clk 1:05:04]} 14. Bxa5
{[%clk 1:29:15]} Be6 {[%clk 0:56:40]} 15. Bd3 {[%clk 1:27:48]} Rfc8
{[%clk 0:55:20]} 16. Bb4 {[%clk 1:26:58]} Qd8 {[%clk 0:53:25]} 17. c3
{[%clk 1:26:54]} d5 {[%clk 0:52:36]} 18. Qe2 {[%clk 1:25:58]} dxe4
{[%clk 0:51:59]} 19. Bxe4 {[%clk 1:25:45]} Nxe4 {[%clk 0:51:37]} 20. Qxe4
{[%clk 1:26:04]} Qc7 {[%clk 0:45:09]} 21. O-O {[%clk 1:24:56]} Rd8
{[%clk 0:42:15]} 22. Rfd1 {[%clk 1:23:57]} f6 {[%clk 0:39:47]} 23. Rxd8+
{[%clk 1:23:32]} Rxd8 {[%clk 0:40:13]} 24. Ba3 {[%clk 1:23:04]} b5
{[%clk 0:38:53]} 25. Qe3 {[%clk 1:21:08]} Bf7 {[%clk 0:27:08]} 26. Bc5
{[%clk 1:19:58]} Qd7 {[%clk 0:25:12]} 27. Bb6 {[%clk 1:17:51]} Qd2
{[%clk 0:17:55]} 28. Qxd2 {[%clk 1:16:50]} Rxd2 {[%clk 0:17:51]} 29. b3
{[%clk 1:16:17]} axb3 {[%clk 0:18:11]} 30. axb3 {[%clk 1:16:36]} Bxb3
{[%clk 0:18:12]} 31. Ra8+ {[%clk 1:16:15]} Kf7 {[%clk 0:18:36]} 32. Bc5
{[%clk 1:16:23]} Rd7 {[%clk 0:13:19]} 33. Rf8+ {[%clk 1:16:10]} Kg6
{[%clk 0:13:25]} 34. h3 {[%clk 1:16:12]} Bc4 {[%clk 0:12:51]} 35. Kh2
{[%clk 1:16:26]} Rd2 {[%clk 0:11:36]} 36. Kg3 {[%clk 1:15:36]} Bf1
{[%clk 0:10:27]} 37. Bf2 {[%clk 1:15:26]} h5 {[%clk 0:10:41]} 38. h4
{[%clk 1:14:28]} f5 {[%clk 0:09:53]} 39. f4 {[%clk 1:12:44]} e4 {[%clk 0:09:32]}
40. c4 {[%clk 1:12:50]} bxc4 0-1

[Event "EUYCC 2024 U10"]
[Site "?"]
[Date "2024.08.12"]
[Round "8.9"]
[White "Hroch, Pavel"]
[Black "Huttova, Karolina"]
[Result "0-1"]
[BlackElo "1433"]
[WhiteElo "1665"]
[LiveChessVersion "1.4.8"]

1. e4 {[%clk 1:30:26]} c5 {[%clk 1:30:34]} 2. Nf3 {[%clk 1:30:32]} d6
{[%clk 1:30:38]} 3. d4 {[%clk 1:29:54]} cxd4 {[%clk 1:30:33]} 4. Nxd4
{[%clk 1:29:39]} Nf6 {[%clk 1:30:19]} 5. Nc3 {[%clk 1:28:33]} g6 {[%clk 1:29:45]}
6. Be3 {[%clk 1:28:52]} Bg7 {[%clk 1:29:45]} 7. Bc4 {[%clk 1:28:59]} O-O
{[%clk 1:29:31]} 8. Qd2 {[%clk 1:29:06]} Nc6 {[%clk 1:28:16]} 9. O-O-O
{[%clk 1:29:26]} a6 {[%clk 1:26:44]} 10. h4 {[%clk 1:28:12]} b5 {[%clk 1:26:07]}
11. Nxc6 {[%clk 1:26:44]} Qc7 {[%clk 1:24:44]} 12. Bd5 {[%clk 1:25:37]} Bb7
{[%clk 1:12:21]} 13. Nd4 {[%clk 1:24:05]} Ng4 {[%clk 1:04:41]} 14. f3 Nxe3
{[%clk 1:03:30]} 15. Qxe3 {[%clk 1:22:50]} Qb6 {[%clk 1:00:46]} 16. Qg5
{[%clk 1:18:38]} Bxd4 {[%clk 0:55:50]} 17. Bxb7 {[%clk 1:17:57]} Be3+
{[%clk 0:56:02]} 18. Qxe3 {[%clk 1:17:01]} Qxe3+ {[%clk 0:56:23]} 19. Kb1
{[%clk 1:17:16]} Rab8 {[%clk 0:54:32]} 20. Bxa6 {[%clk 1:17:01]} Qc5
{[%clk 0:52:21]} 21. Rd5 {[%clk 1:15:44]} Qf2 {[%clk 0:49:41]} 22. Rg5
{[%clk 1:14:08]} b4 {[%clk 0:47:21]} 23. Nd1 {[%clk 1:13:45]} Qb6
{[%clk 0:42:39]} 24. Bc4 {[%clk 1:12:41]} h6 {[%clk 0:38:33]} 25. Rxg6+
{[%clk 1:11:21]} Kh7 {[%clk 0:37:54]} 26. Rg4 f5 27. exf5 {[%clk 1:06:54]} Rbd8
{[%clk 0:33:00]} 28. Bd3 {[%clk 1:05:45]} Rf6 {[%clk 0:29:52]} 29. Re1
{[%clk 1:02:02]} Re8 {[%clk 0:26:00]} 30. Ne3 {[%clk 1:01:07]} Qa5
{[%clk 0:22:46]} 31. b3 {[%clk 0:59:13]} Ra8 {[%clk 0:18:08]} 32. a4
{[%clk 0:58:17]} bxa3 {[%clk 0:18:25]} 33. Rd1 {[%clk 0:48:06]} a2+
{[%clk 0:18:12]} 34. Ka1 {[%clk 0:47:46]} Qc3# 0-1

[Event "EUYCC 2024 U10"]
[Site "?"]
[Date "2024.08.12"]
[Round "8.12"]
[White "Komogortsev, Petra"]
[Black "Bartecek, David"]
[Result "1-0"]
[BlackElo "1411"]
[WhiteElo "1723"]
[LiveChessVersion "1.4.8"]

1. d4 {[%clk 1:30:54]} d5 {[%clk 1:30:55]} 2. c4 {[%clk 1:31:14]} c6
{[%clk 1:31:17]} 3. cxd5 {[%clk 1:31:29]} cxd5 {[%clk 1:31:22]} 4. Nc3
{[%clk 1:31:50]} Nf6 {[%clk 1:31:39]} 5. Bg5 {[%clk 1:31:36]} Bf5
{[%clk 1:31:09]} 6. Nf3 {[%clk 1:31:27]} Nc6 {[%clk 1:31:01]} 7. Qb3
{[%clk 1:30:50]} Qd7 {[%clk 1:29:57]} 8. Bxf6 {[%clk 1:29:05]} gxf6
{[%clk 1:29:54]} 9. Qxd5 {[%clk 1:28:05]} Qxd5 {[%clk 1:29:41]} 10. Nxd5
{[%clk 1:28:27]} O-O-O {[%clk 1:29:44]} 11. Ne3 {[%clk 1:25:16]} e6
{[%clk 1:29:18]} 12. Nxf5 {[%clk 1:23:52]} exf5 {[%clk 1:29:24]} 13. e3
{[%clk 1:22:36]} Bb4+ {[%clk 1:28:20]} 14. Kd1 {[%clk 1:20:29]} Rhe8
{[%clk 1:27:28]} 15. a3 {[%clk 1:19:04]} Bc5 {[%clk 1:26:12]} 16. Bd3
{[%clk 1:17:33]} f4 {[%clk 1:24:40]} 17. Re1 {[%clk 1:13:57]} fxe3
{[%clk 1:18:59]} 18. fxe3 {[%clk 1:11:15]} f5 {[%clk 1:16:47]} 19. Bxf5+
{[%clk 1:09:27]} Kb8 {[%clk 1:14:43]} 20. Kc2 {[%clk 1:07:22]} Ne7
{[%clk 1:08:58]} 21. Bxh7 {[%clk 1:02:23]} Bb6 {[%clk 1:05:25]} 22. Rad1
{[%clk 0:56:59]} Nd5 {[%clk 1:04:23]} 23. e4 {[%clk 0:53:04]} Ba5
{[%clk 1:02:05]} 24. exd5 {[%clk 0:43:22]} Bxe1 {[%clk 1:01:58]} 25. Rxe1
{[%clk 0:42:30]} Rxe1 {[%clk 1:01:47]} 26. Nxe1 {[%clk 0:42:51]} Rh8
{[%clk 1:01:34]} 27. Bf5 {[%clk 0:40:35]} Rxh2 {[%clk 1:01:07]} 28. d6
{[%clk 0:39:31]} Rh8 {[%clk 1:01:12]} 29. d7 {[%clk 0:39:10]} Kc7
{[%clk 1:01:02]} 30. Nd3 {[%clk 0:38:41]} Kd6 {[%clk 1:00:27]} 31. Nc5
{[%clk 0:35:30]} Kc7 {[%clk 1:00:02]} 32. Ne4 {[%clk 0:32:26]} Rg8
{[%clk 0:57:48]} 33. g4 {[%clk 0:29:59]} Rh8 {[%clk 0:56:55]} 34. Ng5
{[%clk 0:29:28]} Rf8 {[%clk 0:53:19]} 35. Be6 {[%clk 0:27:13]} Kd6
{[%clk 0:49:23]} 36. Nxf7+ {[%clk 0:25:01]} Rxf7 {[%clk 0:49:03]} 37. Bxf7
{[%clk 0:23:19]} Kxd7 {[%clk 0:49:15]} 38. g5 {[%clk 0:23:45]} Ke7
{[%clk 0:49:05]} 39. g6 {[%clk 0:24:10]} Kf8 {[%clk 0:48:49]} 40. d5
{[%clk 0:24:38]} Ke7 {[%clk 0:48:55]} 41. d6+ {[%clk 0:24:52]} Kf8
{[%clk 0:48:48]} 42. d7 {[%clk 0:25:15]} Kg7 {[%clk 0:49:01]} 43. d8=Q
{[%clk 0:25:30]} 1-0